| Tag |
First Indicator |
Second Indicator |
Subfields |
| LEADER |
00000cam a2200000Ii 4500 |
| 001 |
in00004063021 |
| 005 |
20211120102325.0 |
| 007 |
cr cn||||||||| |
| 008 |
160705s1988 mdu ot f000 0 eng d |
| 024 |
8 |
|
|a GOVPUB-C13-413a34ceba17ec55f9d80b92fe7f0398
|
| 035 |
|
|
|a (OCoLC)ocn953032959
|
| 040 |
|
|
|a NBS
|b eng
|e rda
|e pn
|c NBS
|d GPO
|d MvI
|d UtOrBLW
|
| 049 |
|
|
|a WWW
|
| 074 |
|
|
|a 0247-D (online)
|
| 086 |
0 |
|
|a C 13.58:88-3898
|
| 100 |
1 |
|
|a Mattingly, G. E.
|0 http://id.loc.gov/authorities/names/n92116449
|
| 245 |
1 |
0 |
|a NBS' industry - government consortium research program on flowmeter installation effects :
|b summary report with emphasis on research period July - December 1987 /
|c G. E. Mattingly; T. T. Yeh.
|
| 264 |
|
1 |
|a Gaithersburg, MD :
|b U.S. Dept. of Commerce, National Institute of Standards and Technology,
|c 1988.
|
| 300 |
|
|
|a 1 online resource.
|
| 336 |
|
|
|a text
|b txt
|2 rdacontent
|
| 337 |
|
|
|a computer
|b c
|2 rdamedia
|
| 338 |
|
|
|a online resource
|b cr
|2 rdacarrier
|
| 490 |
1 |
|
|a NISTIR ;
|v 88-3898
|
| 500 |
|
|
|a 1988.
|
| 500 |
|
|
|a Contributed record: Metadata reviewed, not verified. Some fields updated by batch processes.
|
| 500 |
|
|
|a Title from PDF title page.
|
| 504 |
|
|
|a Includes bibliographical references.
|
| 700 |
1 |
|
|a Mattingly, G. E.
|0 http://id.loc.gov/authorities/names/n92116449
|
| 700 |
1 |
|
|a Yeh, T. T.
|0 http://id.loc.gov/authorities/names/no90008984
|
| 710 |
2 |
|
|a National Institute of Standards and Technology (U.S.)
|0 http://id.loc.gov/authorities/names/n88112126
|
| 830 |
|
0 |
|a NISTIR ;
|v 88-3898.
|0 http://id.loc.gov/authorities/names/n88507971
|
| 856 |
4 |
0 |
|u https://purl.fdlp.gov/GPO/gpo97109
|t 0
|
| 999 |
f |
f |
|s 0299189a-12af-39e5-abd1-fe69ff6806ee
|i ce9e366a-362a-31f0-8969-01e709fe6fe4
|t 0
|
| 952 |
f |
f |
|a Texas A&M University
|b College Station
|c Electronic Resources
|d Available Online
|t 0
|e C 13.58:88-3898
|h Superintendent of Documents classification
|
| 998 |
f |
f |
|a C 13.58:88-3898
|t 0
|l Available Online
|